The correct protocol (Record no. 83721)
[ view plain ]
| 000 -LEADER | |
|---|---|
| fixed length control field | 01081cab a22002175a 4500 |
| 001 - CONTROL NUMBER | |
| control field | L154827 |
| 008 - FIXED-LENGTH DATA ELEMENTS--GENERAL INFORMATION | |
| fixed length control field | 120123e2012 xxk 000 0 eng d |
| 035 ## - SYSTEM CONTROL NUMBER | |
| System control number | (Sirsi) u154827 |
| 041 0# - LANGUAGE CODE | |
| Language code of text/sound track or separate title | eng |
| 100 1# - MAIN ENTRY--PERSONAL NAME | |
| Personal name | Webber, Richard |
| 245 04 - TITLE STATEMENT | |
| Title | The correct protocol |
| 260 ## - PUBLICATION, DISTRIBUTION, ETC. | |
| Date of publication, distribution, etc. | 2012 |
| 490 #0 - SERIES STATEMENT | |
| Series statement | Hogan Lovells Real Estate Quarterly |
| Volume/sequential designation | Winter 2011, 3-4(2) |
| 520 ## - SUMMARY, ETC. | |
| Summary, etc. | The"Pre-Action Protocol for Claims for Damages in relation to the Physical State of Commercial of Commercial Property at the Termination of a Tenancy" - aka the Dilapidations Protocol - came into force as part of the Civil Procedure Rules on 1 January 2012. Discusses the importance of this and outlines the procedure and timetable involved, endorsement and compliance matters. |
| 590 ## - LOCAL NOTE (RLIN) | |
| Local note | KA |
| 651 #4 - SUBJECT ADDED ENTRY--GEOGRAPHIC NAME | |
| Geographic name | England and Wales |
| Chronological subdivision | 1543- |
| 690 ## - LOCAL SUBJECT ADDED ENTRY--TOPICAL TERM (OCLC, RLIN) | |
| Topical term or geographic name as entry element | Commercial property |
| 9 (RLIN) | 6227 |
| 690 ## - LOCAL SUBJECT ADDED ENTRY--TOPICAL TERM (OCLC, RLIN) | |
| Topical term or geographic name as entry element | Landlord and tenant |
| 9 (RLIN) | 6252 |
| 856 40 - ELECTRONIC LOCATION AND ACCESS | |
| Uniform Resource Identifier | <a href="https://www.pla.org.uk/__data/assets/pdf_file/0017/100934/Dilapidations_Protocol_-_Jan_2012.pdf">https://www.pla.org.uk/__data/assets/pdf_file/0017/100934/Dilapidations_Protocol_-_Jan_2012.pdf</a> |
| Public note | View the Dilapidations Protocol free of charge at www.pla.org.uk |
| 942 ## - ADDED ENTRY ELEMENTS (KOHA) | |
| Suppress in OPAC | 0 |
| Withdrawn status | Lost status | Source of classification or shelving scheme | Damaged status | Not for loan | Home library | Current library | Shelving location | Date acquired | Total Checkouts | Full call number | Barcode | Date last seen | Copy number | Price effective from | Koha item type |
|---|---|---|---|---|---|---|---|---|---|---|---|---|---|---|---|
| Dewey Decimal Classification | London | London | Journal article | 22/01/2012 | L154827 | 154827-1001 | 06/08/2019 | 1 | 06/08/2019 | Journal article |